00462pam a2200157 a 4500020000500000040002500005041001300030082002000043100002900063245005500092250001400147260003800161300001300199365001300212653007900225 c aMedical College Lib. aENGhENG a616.330757bEIS aEisenberg, Ronald L. . aGastrointestinal Radiology / chTextual Documents a3rd / b. a : bLippincott - Raven , c1996. a253 ; c a10714=45 aRadiologyaMedical ScienceaDigestive SystemaRadiologyaMedical Sciencea